Un análisis económico y jurimétrico de la corrupción dentro del sector público /
Saved in:
| Main Author: | |
|---|---|
| Format: | Text |
| Tags: |
Add Tag
No Tags, Be the first to tag this record!
|
MARC
| LEADER | 00000 a a2200000 04500 | ||
|---|---|---|---|
| 001 | 16658 | ||
| 003 | |||
| 040 | |||
| 100 | |a Buscaglia, Edgardo | ||
| 245 | |a Un análisis económico y jurimétrico de la corrupción dentro del sector público / |c Edgardo Buscaglia | ||
| 773 | |g volumen 15, número 1 -2; páginas 85-101 | ||
| 999 | |c 23567 |d 23567 | ||
